| 000 | 01100nam a2200253 a 4500 | ||
|---|---|---|---|
| 001 | 000312617 | ||
| 003 | AM-YeHGA | ||
| 005 | 20250618072007.0 | ||
| 008 | 040226s1980 |||||| |||||||||||||arm|c | ||
| 040 | _aAM-YeHGA | ||
| 041 | 0 | _aarm | |
| 100 | 1 | _aՄինասյան, Արփիկ Մինասի | |
| 245 | 1 | 0 |
_aՍիպիլ : _b(Զապել Ասատուր): [Մենագրություն] / _cԱ.Մ. Մինասյան; Գրախոս.՝ Կ.Ա. Դանիելյան; ԵՊՀ. |
| 260 |
_aԵրևան : _bԵրևանի համալս. հրատ., _c1980. |
||
| 300 |
_a174 էջ : _b1 թ. դիմանկ. ; _c17 սմ. |
||
| 504 | _aԾանոթագր., էջ` 166-174 | ||
| 600 | 0 | 4 |
_aՍիպիլ, _d1863-1934 |
| 650 | 1 | 4 |
_aՀայ գրականագիտություն _xՄենագրություն |
| 650 | 1 | 4 |
_aՀայ գրողների կյանքն ու գործունեությունը _94515 |
| 653 | 0 | _aԱրևմտահայ գրողներ | |
| 700 | 1 |
_aԴանիելյան, Կարլեն Արտաշեսի, _d1931-1998 _eգրախոս. _4rev _92552 |
|
| 710 | 2 | _aԵրևանի պետական համալսարան | |
| 090 | _c117169 | ||
| 999 |
_c115824 _d115824 |
||